Welcome to CU Library Online Public Access Catalogue (OPAC)

The Ghana Law Reports 1992 Vol. 1 (Record no. 1381)

MARC details
000 -LEADER
fixed length control field 00446nam a22001457a 4500
005 - DATE AND TIME OF LATEST TRANSACTION
control field 20241120164303.0
008 - FIXED-LENGTH DATA ELEMENTS--GENERAL INFORMATION
fixed length control field 241120b |||||||| |||| 00| 0 eng d
020 ## - INTERNATIONAL STANDARD BOOK NUMBER
International Standard Book Number 08550832
110 ## - MAIN ENTRY--CORPORATE NAME
Corporate name or jurisdiction name as entry element Council for Law Reporting
245 ## - TITLE STATEMENT
Title The Ghana Law Reports 1992 Vol. 1
Statement of responsibility, etc. Council for Law Reporting
260 ## - PUBLICATION, DISTRIBUTION, ETC.
Place of publication, distribution, etc. Accra, Ghana
Name of publisher, distributor, etc. Council for Law Reporting
Date of publication, distribution, etc. 1999
300 ## - PHYSICAL DESCRIPTION
Extent xxxiv, 651 pages
Dimensions 25.3 cm
650 ## - SUBJECT ADDED ENTRY--TOPICAL TERM
Source of heading or term Law Reports
General subdivision Ghana
942 ## - ADDED ENTRY ELEMENTS (KOHA)
Source of classification or shelving scheme Library of Congress Classification
Koha item type Books
Suppress in OPAC No
999 ## -
-- 1381
-- 1381

No items available.

© 2023-2024 Copyright: Central University Libraries. All Rights Reserved | Created by: Mahone Tech Office